000 00627nam a2200181 4500
001 144286
003 ES-MaACL
005 20230906201002.0
007 t|
008 070214s1957 sp r ||||1| spa d
100 1 _aSierra Nava, José María.
_9106280
245 1 3 _aEl Consejo de Europa /
_cJosé María Sierra Nava ; prólogo de Gonzalo Fernández de la Mora.
260 _aMadrid :
_bInstituto de Estudios Políticos,
_c1957.
300 _aXIX, 335 p. ;
_c21 cm.
700 1 _aFernández de la Mora, Gonzalo.
_949670
710 2 _aInstituto de Estudios Políticos (Madrid)
_94924
852 _aES-MaACL
_jC-12402
_bR.40791
999 _c144286
_d144286